000 nam a22 7a 4500
999 _c52024
_d52024
003 OSt
005 20220607163847.0
008 220602b xxu||||| |||| 00| 0 eng d
040 _cIIMT UNIVERSITY MEERUT
100 _aMURTHY , K.R SRIKANTHA
245 _aSARNGADHARA-SAMHITA
250 _a1 ST
260 _aVARANASI
_bCHAUKHAMBA
_c14-05-2022
300 _a335
942 _2ddc
_c01